| 000 | 00975nam a22002897a 4500 | ||
|---|---|---|---|
| 003 | CHAP | ||
| 005 | 20220329135409.0 | ||
| 008 | 971013s1979 r 00010 d | ||
| 010 | _a35704 | ||
| 011 | _a36676 | ||
| 035 | _a40795 | ||
| 040 | _cCHAP | ||
| 082 |
_a338.0972 _bM4Y 1979-82 |
||
| 110 |
_aMéxico. Secretaría de Patrimonio y Fomento Industrial _977204 |
||
| 245 | _aNational industrial development plan | ||
| 260 |
_aLondon : _bGraham & Trotman, _c1979 |
||
| 300 | _a2 v | ||
| 590 |
_aBATCH-UPD _b10 _c20130110 _lUCH01 _h2304 |
||
| 590 |
_aBATCH-UPD _b10 _c20130410 _lUCH01 _h1556 |
||
| 590 |
_aBATCH-UPD _b10 _c20130914 _lUCH01 _h1932 |
||
| 590 |
_aCONVERSION _b10 _c20130109 _lUCH01 _h1320 |
||
| 650 | 1 | 4 |
_aPolítica industrial _zMéxico. _990676 |
| 901 | _aBK | ||
| 942 | _cLIBRO | ||
| 949 |
_a338.0972 M4Y 1979-82 _bBC _cLIBRO _d33724000353348 _eLIBRO _fv.2 _h48037 _i40795 _si |
||
| 949 |
_a338.0972 M4Y 1979-82 _bBC _cLIBRO _d33724000353355 _eLIBRO _fv.1 _h48036 _i40795 _si |
||
| 999 |
_c35704 _d35704 |
||